[Event "17. European Team Championship 2009"]
[Site "Novi Sad SRB"]
[Date "2009.10.26"]
[Round "5.63"]
[White "Halkias, Stelios"]
[Black "Efimenko, Zahar"]
[Result "1/2-1/2"]
[WhiteElo "2570"]
[BlackElo "2654"]
[PlyCount "118"]
[EventDate "2009.10.22"]
[EventType "team"]
[EventRounds "9"]
[EventCountry "SER"]
[Source "lmi"]
[SourceDate "2009.10.22"]

1. d4 Nf6 2. c4 e6 3. Nf3 d5 4. Nc3 Nbd7 5. Bg5 Bb4 6. cxd5 exd5 7. Qb3 c5 8.
a3 Bxc3+ 9. Qxc3 c4 10. Qe3+ Qe7 11. Qxe7+ Kxe7 12. a4 h6 13. Bc1 a5 14. e3 Nb6
15. Be2 Bf5 16. Bd1 Rhc8 17. O-O Bd3 18. Re1 Nbd7 19. Nd2 Nb8 20. Nb1 Nc6 21.
Nc3 Nb4 22. f3 Kf8 23. Bd2 Bc2 24. Na2 Bxd1 25. Rexd1 Nxa2 26. Rxa2 b6 27. Be1
Rc6 28. Rc1 Nd7 29. Ra3 f5 30. Rac3 Rac8 31. Bg3 Kf7 32. Re1 g5 33. h3 b5 34.
axb5 Rb6 35. b3 Rxb5 36. bxc4 Rxc4 37. Rxc4 dxc4 38. Rc1 Nb6 39. Bd6 Ke6 40.
Bc5 Kd5 41. g4 Nd7 42. Be7 Rb3 43. Kf2 f4 44. exf4 gxf4 45. Ra1 Kxd4 46. Rxa5
Rb2+ 47. Kf1 Ke3 48. g5 hxg5 49. Bxg5 Kxf3 50. Ke1 Kg3 51. Rf5 f3 52. Bf4+ Kxh3
53. Bd6 Re2+ 54. Kf1 Re6 55. Rxf3+ Kg4 56. Rf4+ Kg5 57. Rd4 Nf6 58. Bf4+ Kf5
59. Rxc4 Re4 1/2-1/2

[Event "17. European Team Championship 2009"]
[Site "Novi Sad SRB"]
[Date "2009.10.26"]
[Round "5.64"]
[White "Drozdovskij, Yuri"]
[Black "Mastrovasilis, Athanasios"]
[Result "1/2-1/2"]
[WhiteElo "2627"]
[BlackElo "2519"]
[PlyCount "64"]
[EventDate "2009.10.22"]
[EventType "team"]
[EventRounds "9"]
[EventCountry "SER"]
[Source "lmi"]
[SourceDate "2009.10.22"]

1. c4 e6 2. d4 Nf6 3. Nf3 d5 4. Nc3 c5 5. Bg5 cxd4 6. Qxd4 Nc6 7. Bxf6 gxf6 8.
Qh4 dxc4 9. Rd1 Qa5 10. Qxc4 Qb4 11. Qxb4 Bxb4 12. Rc1 Bd7 13. a3 Be7 14. g3
O-O 15. Bg2 Rfd8 16. O-O Rac8 17. Rfd1 Be8 18. Rxd8 Rxd8 19. e3 f5 20. Kf1 Bf6
21. Ke2 Na5 22. Nd2 Rc8 23. Kd1 Rd8 24. Ke2 Rc8 25. Kd1 Kg7 26. Rc2 Rd8 27. Kc1
Bc6 28. Bxc6 Nxc6 29. Nf3 Na5 30. Nd2 Nc6 31. Nf3 Na5 32. Nd2 Nc6 1/2-1/2

[Event "17. European Team Championship 2009"]
[Site "Novi Sad SRB"]
[Date "2009.10.26"]
[Round "5.73"]
[White "Macieja, Bartlomiej"]
[Black "Gustafsson, Jan"]
[Result "1/2-1/2"]
[WhiteElo "2618"]
[BlackElo "2622"]
[PlyCount "103"]
[EventDate "2009.10.22"]
[EventType "team"]
[EventRounds "9"]
[EventCountry "SER"]
[Source "lmi"]
[SourceDate "2009.10.22"]

1. e4 e5 2. Nf3 Nc6 3. Bb5 Bc5 4. O-O Nd4 5. Nxd4 Bxd4 6. c3 Bb6 7. d4 c6 8.
Ba4 d6 9. Qd3 Nf6 10. d5 Bd7 11. Bg5 h6 12. dxc6 bxc6 13. Bxf6 Qxf6 14. Na3 Ke7
15. Rad1 Rhd8 16. Nc4 Be8 17. b4 d5 18. Ne3 dxe4 19. Qxe4 Rxd1 20. Rxd1 Kf8 21.
g3 h5 22. Rd2 Rd8 23. Rxd8 Bxd8 24. Nc4 Bc7 25. Qe3 Bb8 26. h4 Qe6 27. Na5 Qd5
28. Bb3 Qd6 29. Qf3 Qg6 30. Ba4 e4 31. Qe3 Bc7 32. Bxc6 Bb6 33. Bxe4 Bxe3 34.
Bxg6 Bd2 35. Bxh5 Bxc3 36. a3 Bb2 37. Nc4 Bc1 38. Bf3 Bb5 39. Nd6 Ba4 40. Bd5
f6 41. Ne4 Bxa3 42. Nc5 Be8 43. Ne6+ Kf7 44. Nd4+ Ke7 45. Nc2 Bb2 46. Bc4 Bc3
47. Bd3 Kd6 48. Kf1 Ba4 49. Ne3 Bd7 50. Nc2 Ba4 51. Ne3 Bd7 52. Nc2 1/2-1/2

[Event "17. European Team Championship 2009"]
[Site "Novi Sad SRB"]
[Date "2009.10.26"]
[Round "5.74"]
[White "Khenkin, Igor"]
[Black "Bartel, Mateusz"]
[Result "1/2-1/2"]
[WhiteElo "2613"]
[BlackElo "2609"]
[PlyCount "84"]
[EventDate "2009.10.22"]
[EventType "team"]
[EventRounds "9"]
[EventCountry "SER"]
[Source "lmi"]
[SourceDate "2009.10.22"]

1. d4 f5 2. g3 Nf6 3. Bg2 g6 4. Nd2 Bg7 5. c3 Nc6 6. Nh3 O-O 7. Nf3 d6 8. d5
Ne5 9. Nd4 c5 10. dxc6 Nxc6 11. Nxc6 bxc6 12. Bxc6 Rb8 13. Nf4 e5 14. Nd5 f4
15. Nxf6+ Qxf6 16. O-O Bh3 17. Bg2 Bxg2 18. Kxg2 Qe6 19. f3 e4 20. Qc2 fxg3 21.
hxg3 Rb5 22. Bf4 g5 23. a4 Ra5 24. Bd2 e3 25. Be1 g4 26. fxg4 Rxf1 27. Kxf1 h5
28. c4 Rg5 29. Qd3 Qxg4 30. Qxe3 h4 31. Bc3 Bxc3 32. bxc3 Re5 33. Qd3 Qh3+ 34.
Ke1 Qh1+ 35. Kd2 Qxa1 36. Qg6+ Kf8 37. Qxd6+ Re7 38. Qd8+ Kf7 39. Qd5+ Kf6 40.
Qd6+ Re6 41. Qf8+ Kg6 42. Qg8+ Kf6 1/2-1/2

[Event "17. European Team Championship 2009"]
[Site "Novi Sad SRB"]
[Date "2009.10.26"]
[Round "5.84"]
[White "Neubauer, Martin"]
[Black "Gyimesi, Zoltan"]
[Result "1/2-1/2"]
[WhiteElo "2448"]
[BlackElo "2594"]
[PlyCount "46"]
[EventDate "2009.10.22"]
[EventType "team"]
[EventRounds "9"]
[EventCountry "SER"]
[Source "lmi"]
[SourceDate "2009.10.22"]

1. d4 d5 2. c4 c6 3. Nf3 Nf6 4. e3 Bf5 5. Nc3 e6 6. Nh4 Bg4 7. Qb3 Qb6 8. h3
Bh5 9. g4 Bg6 10. Nxg6 hxg6 11. Bg2 Nbd7 12. Bd2 Be7 13. g5 Ng8 14. f4 dxc4 15.
Qxc4 Bd6 16. Ne4 Bc7 17. Bb4 Ne7 18. Bxe7 Kxe7 19. O-O-O a5 20. a3 a4 21. Rd2
Ra5 22. Kb1 Rha8 23. Rc1 Rd8 1/2-1/2

[Event "17. European Team Championship 2009"]
[Site "Novi Sad SRB"]
[Date "2009.10.26"]
[Round "5.92"]
[White "Sedlak, Nikola"]
[Black "Cheparinov, Ivan"]
[Result "0-1"]
[WhiteElo "2571"]
[BlackElo "2667"]
[PlyCount "80"]
[EventDate "2009.10.22"]
[EventType "team"]
[EventRounds "9"]
[EventCountry "SER"]
[Source "lmi"]
[SourceDate "2009.10.22"]

1. d4 Nf6 2. c4 e6 3. Nc3 Bb4 4. Nf3 b6 5. Bg5 Bb7 6. Nd2 h6 7. Bh4 Nc6 8. e3
Ne7 9. f3 Nf5 10. Bf2 c5 11. a3 cxd4 12. exd4 Bxc3 13. bxc3 O-O 14. Bd3 d5 15.
c5 bxc5 16. dxc5 Ne7 17. O-O Qc7 18. Nb3 Rfd8 19. Re1 e5 20. Bf1 Ng6 21. Rb1
Bc6 22. Qe2 a5 23. Nc1 Re8 24. Qd2 Rad8 25. Ne2 Nd7 26. Ng3 e4 27. fxe4 dxe4
28. Qc2 Nf6 29. Bd4 Ng4 30. Be2 Nxh2 31. Kxh2 Qf4 32. Bc4 Ne5 33. Bxe5 Rxe5 34.
Rf1 Qh4+ 35. Kg1 Qxg3 36. Bxf7+ Kh8 37. Rbd1 Rf8 38. Qe2 e3 39. Bc4 Rfe8 40.
Rd6 Rh5 0-1

[Event "17. European Team Championship 2009"]
[Site "Novi Sad SRB"]
[Date "2009.10.26"]
[Round "5.93"]
[White "Delchev, Aleksander"]
[Black "Pikula, Dejan"]
[Result "1/2-1/2"]
[WhiteElo "2635"]
[BlackElo "2562"]
[PlyCount "80"]
[EventDate "2009.10.22"]
[EventType "team"]
[EventRounds "9"]
[EventCountry "SER"]
[Source "lmi"]
[SourceDate "2009.10.22"]

1. d4 d5 2. c4 c6 3. Nc3 Nf6 4. e3 a6 5. Nf3 b5 6. c5 g6 7. Ne5 Bg7 8. Be2 a5
9. O-O O-O 10. f4 Nfd7 11. Nd3 f5 12. Bd2 Nf6 13. Be1 Be6 14. Ne5 Qc7 15. Bh4
Nbd7 16. Qe1 Nxe5 17. fxe5 Ne4 18. Nxe4 fxe4 19. Qg3 Rxf1+ 20. Rxf1 Rf8 21.
Rxf8+ Bxf8 22. Bg5 Qd7 23. Qh4 Qe8 24. Bh6 Bxh6 25. Qxh6 Qf8 26. Qg5 Kg7 27. h4
h6 28. Qg3 Kh7 29. a3 Qg8 30. Kf2 Kg7 31. Ke1 Qf7 32. Kd1 Qf8 33. Ke1 Qf5 34.
Bd1 Kf8 35. Qh2 h5 36. Qg3 Kg7 37. Be2 Kh6 38. Qf2 Qxf2+ 39. Kxf2 Bg4 40. Bxg4
hxg4 1/2-1/2

[Event "17. European Team Championship 2009"]
[Site "Novi Sad SRB"]
[Date "2009.10.26"]
[Round "5.94"]
[White "Brenjo, Slavisa"]
[Black "Iotov, Valentin"]
[Result "0-1"]
[WhiteElo "2495"]
[BlackElo "2578"]
[PlyCount "66"]
[EventDate "2009.10.22"]
[EventType "team"]
[EventRounds "9"]
[EventCountry "SER"]
[Source "lmi"]
[SourceDate "2009.10.22"]

1. e4 c5 2. Nf3 e6 3. d4 cxd4 4. Nxd4 Nc6 5. Nc3 Qc7 6. Be2 a6 7. O-O Nf6 8.
Be3 Be7 9. f4 d6 10. Qe1 O-O 11. Qg3 Nxd4 12. Bxd4 b5 13. a3 Bb7 14. Kh1 Rad8
15. Rae1 Rd7 16. Bd3 Re8 17. Nd1 Bd8 18. e5 dxe5 19. Bxe5 Qc6 20. Ne3 g6 21.
Qh3 Nh5 22. f5 exf5 23. Nxf5 gxf5 24. Rxf5 f6 25. Rf3 Rxe5 26. Rxe5 fxe5 27.
Qxh5 Rg7 28. Bf5 h6 29. Qh3 Be7 30. Be6+ Kh7 31. Bf5+ Kh8 32. Be6 Qxc2 33.
Qxh6+ Qh7 0-1

[Event "17. European Team Championship 2009"]
[Site "Novi Sad SRB"]
[Date "2009.10.26"]
[Round "5.101"]
[White "Nisipeanu, Liviu-Dieter"]
[Black "Adams, Michael"]
[Result "1/2-1/2"]
[WhiteElo "2664"]
[BlackElo "2682"]
[PlyCount "29"]
[EventDate "2009.10.22"]
[EventType "team"]
[EventRounds "9"]
[EventCountry "SER"]
[Source "lmi"]
[SourceDate "2009.10.22"]

1. d4 Nf6 2. c4 e6 3. Nf3 d5 4. Nc3 Be7 5. Bf4 O-O 6. e3 Nbd7 7. c5 c6 8. Bd3
b6 9. b4 a5 10. a3 Ba6 11. O-O Qc8 12. Rc1 Bxd3 13. Qxd3 Qb7 14. h3 h6 15. Ne1
1/2-1/2

[Event "17. European Team Championship 2009"]
[Site "Novi Sad SRB"]
[Date "2009.10.26"]
[Round "5.102"]
[White "McShane, Luke J"]
[Black "Lupulescu, Constantin"]
[Result "1/2-1/2"]
[WhiteElo "2615"]
[BlackElo "2599"]
[PlyCount "122"]
[EventDate "2009.10.22"]
[EventType "team"]
[EventRounds "9"]
[EventCountry "SER"]
[Source "lmi"]
[SourceDate "2009.10.22"]

1. e4 c5 2. Nf3 d6 3. d4 cxd4 4. Nxd4 Nf6 5. f3 e5 6. Nb3 d5 7. Bg5 Be6 8. Bxf6
gxf6 9. exd5 Qxd5 10. Qxd5 Bxd5 11. Nc3 Be6 12. O-O-O Nd7 13. Nb5 Ke7 14. Nc7
Rd8 15. Nd5+ Bxd5 16. Rxd5 Bh6+ 17. Kb1 Nc5 18. Bc4 Rxd5 19. Bxd5 Nxb3 20. axb3
b6 21. b4 f5 22. c4 b5 23. cxb5 Be3 24. Kc2 f4 25. g3 Rd8 26. Rd1 h5 27. Bc6
Rxd1 28. Kxd1 fxg3 29. hxg3 Bf2 30. f4 Bxg3 31. fxe5 Bxe5 32. Bf3 h4 33. Bg4
Kf6 34. Ke2 Kg5 35. Kf3 Bxb2 36. b6 axb6 37. b5 f5 38. Bh3 Kf6 39. Bf1 Ke5 40.
Bd3 Bc3 41. Bf1 Be1 42. Bh3 Bg3 43. Ke3 f4+ 44. Kf3 Kd5 45. Bd7 Kd6 46. Bc6 h3
47. Kg4 h2 48. Kh3 Kc5 49. Kg2 Kd4 50. Kh1 Ke3 51. Bd5 Kd3 52. Bf3 Kd2 53. Bd5
Ke2 54. Bf3+ Ke3 55. Bd5 Bh4 56. Kxh2 f3 57. Kg1 Ke2 58. Bc4+ Ke1 59. Kh1 Bg3
60. Bd3 Kd2 61. Bf1 Bf4 1/2-1/2

[Event "17. European Team Championship 2009"]
[Site "Novi Sad SRB"]
[Date "2009.10.26"]
[Round "5.103"]
[White "Nevednichy, Vladislav"]
[Black "Conquest, Stuart C"]
[Result "1/2-1/2"]
[WhiteElo "2601"]
[BlackElo "2563"]
[PlyCount "72"]
[EventDate "2009.10.22"]
[EventType "team"]
[EventRounds "9"]
[EventCountry "SER"]
[Source "lmi"]
[SourceDate "2009.10.22"]

1. e4 c5 2. Nf3 Nc6 3. Bb5 e6 4. Bxc6 bxc6 5. d3 Qc7 6. O-O d6 7. c3 Nf6 8. Re1
Rb8 9. h3 e5 10. d4 cxd4 11. cxd4 Be7 12. dxe5 dxe5 13. Qc2 O-O 14. b3 Re8 15.
Nbd2 Nh5 16. Nc4 f6 17. Be3 Bf8 18. Rac1 Be6 19. Red1 Kh8 20. Nb2 Ba3 21. Rb1
Nf4 22. Bxf4 exf4 23. Nd3 a5 24. Nc5 Bc8 25. Rd4 Rb4 26. Rd3 a4 27. Rc3 axb3
28. axb3 Rb8 29. Nd3 Ba6 30. Ra1 Bxd3 31. Rxd3 Bb4 32. Rad1 Qb6 33. Qc4 Bf8 34.
e5 c5 35. Qd5 fxe5 36. Nxe5 h6 1/2-1/2

[Event "17. European Team Championship 2009"]
[Site "Novi Sad SRB"]
[Date "2009.10.26"]
[Round "5.104"]
[White "Gordon, Stephen J"]
[Black "Szabo, Gergely-Andras-Gyul"]
[Result "1/2-1/2"]
[WhiteElo "2535"]
[BlackElo "2526"]
[PlyCount "61"]
[EventDate "2009.10.22"]
[EventType "team"]
[EventRounds "9"]
[EventCountry "SER"]
[Source "lmi"]
[SourceDate "2009.10.22"]

1. d4 e6 2. c4 b6 3. e4 Bb7 4. Bd3 Bb4+ 5. Bd2 Bxd2+ 6. Nxd2 Nc6 7. Ne2 Qf6 8.
Nf3 g5 9. d5 Ne5 10. Nfd4 Ne7 11. Nb5 O-O 12. O-O N7g6 13. Nxc7 Rac8 14. Nb5
Ba6 15. b3 Bxb5 16. cxb5 g4 17. Qd2 Nh4 18. Qf4 Qxf4 19. Nxf4 Nhg6 20. Nxg6
fxg6 21. Rad1 Rc3 22. Bb1 Kf7 23. Rc1 Rfc8 24. Rxc3 Rxc3 25. dxe6+ dxe6 26. Rd1
Rc5 27. h3 h5 28. hxg4 hxg4 29. Bd3 Rc3 30. Bb1 Rc5 31. Kf1 1/2-1/2

[Event "17. European Team Championship 2009"]
[Site "Novi Sad SRB"]
[Date "2009.10.26"]
[Round "5.131"]
[White "Korchnoi, Viktor"]
[Black "Dizdarevic, Emir"]
[Result "1-0"]
[WhiteElo "2566"]
[BlackElo "2483"]
[PlyCount "48"]
[EventDate "2009.10.22"]
[EventType "team"]
[EventRounds "9"]
[EventCountry "SER"]
[Source "lmi"]
[SourceDate "2009.10.22"]

1. c4 e6 2. Nc3 c5 3. Nf3 Nf6 4. d4 cxd4 5. Nxd4 a6 6. Bg5 b6 7. e4 h6 8. Bh4
d6 9. Bd3 Be7 10. Rc1 Bb7 11. Qe2 Nbd7 12. Bb1 Rc8 13. Bg3 Qc7 14. O-O Qc5 15.
Qd1 O-O 16. Nb3 Qc7 17. f4 Qb8 18. Qe2 e5 19. fxe5 Nxe5 20. Nd5 Nxd5 21. exd5
Bg5 22. Rc3 Rce8 23. Qc2 Ng6 24. h4 Be3+ 1-0

[Event "17. European Team Championship 2009"]
[Site "Novi Sad SRB"]
[Date "2009.10.26"]
[Round "5.132"]
[White "Stojanovic, Dalibor"]
[Black "Pelletier, Yannick"]
[Result "1/2-1/2"]
[WhiteElo "2469"]
[BlackElo "2589"]
[PlyCount "83"]
[EventDate "2009.10.22"]
[EventType "team"]
[EventRounds "9"]
[EventCountry "SER"]
[Source "lmi"]
[SourceDate "2009.10.22"]

1. e4 d6 2. d4 Nf6 3. Nc3 e5 4. dxe5 dxe5 5. Qxd8+ Kxd8 6. Bc4 Ke8 7. Nf3 Bd6
8. Bg5 Nbd7 9. O-O-O a6 10. h3 b5 11. Bb3 h6 12. Bxf6 Nxf6 13. Rhe1 Kf8 14. a4
Rb8 15. axb5 axb5 16. Nd5 Nd7 17. Ne3 g6 18. Bd5 Nf6 19. Nd2 Nxd5 20. Nxd5 Kg7
21. Nb3 Be6 22. c3 Ra8 23. Kc2 h5 24. f3 Rhd8 25. Nb4 Kf6 26. h4 Kg7 27. Nd3
Be7 28. g3 f6 29. Nbc5 Bc8 30. Ra1 Bh3 31. f4 exf4 32. gxf4 Kf7 33. b4 Re8 34.
Ra5 Rab8 35. Ra7 Bd8 36. f5 gxf5 37. Nf4 Bg4 38. Nd7 Rc8 39. Nb6 Rb8 40. Nd7
Rc8 41. Nb6 Rb8 42. Nd7 1/2-1/2

[Event "17. European Team Championship 2009"]
[Site "Novi Sad SRB"]
[Date "2009.10.26"]
[Round "5.133"]
[White "Jenni, Florian"]
[Black "Bogut, Zeljko"]
[Result "1-0"]
[WhiteElo "2500"]
[BlackElo "2442"]
[PlyCount "85"]
[EventDate "2009.10.22"]
[EventType "team"]
[EventRounds "9"]
[EventCountry "SER"]
[Source "lmi"]
[SourceDate "2009.10.22"]

1. Nf3 Nf6 2. g3 c5 3. Bg2 d5 4. O-O Nc6 5. c4 e5 6. d3 h6 7. cxd5 Nxd5 8. b3
g6 9. a3 Bg7 10. Bb2 O-O 11. e3 Be6 12. Qc2 Rc8 13. Nbd2 f5 14. Rac1 Re8 15.
Qb1 b6 16. Qa1 Bf7 17. Nc4 Qe7 18. Rfe1 b5 19. Ncd2 Nb6 20. e4 fxe4 21. Rxe4
Qd6 22. Re3 Nd4 23. Nxd4 exd4 24. Rxe8+ Bxe8 25. Ne4 Qf8 26. Re1 Bf7 27. Qd1 a5
28. a4 bxa4 29. bxa4 c4 30. dxc4 Rxc4 31. Bf1 Rxa4 32. Bb5 Ra2 33. Bxd4 Qb4 34.
Bxb6 Qxb5 35. Qd8+ Kh7 36. Nf6+ Bxf6 37. Qxf6 Qf5 38. Qd8 Rc2 39. Bd4 Rc8 40.
Qd6 Qg5 41. h3 Rc4 42. Ra1 h5 43. Qf8 1-0

[Event "17. European Team Championship 2009"]
[Site "Novi Sad SRB"]
[Date "2009.10.26"]
[Round "5.134"]
[White "Galic, Ivan"]
[Black "Ekstroem, Roland"]
[Result "1/2-1/2"]
[WhiteElo "2378"]
[BlackElo "2488"]
[PlyCount "72"]
[EventDate "2009.10.22"]
[EventType "team"]
[EventRounds "9"]
[EventCountry "SER"]
[Source "lmi"]
[SourceDate "2009.10.22"]

1. e4 e5 2. Nf3 Nc6 3. Bb5 Nf6 4. O-O Nxe4 5. Re1 Nd6 6. Nxe5 Be7 7. Nxc6 dxc6
8. Bf1 O-O 9. d4 Nf5 10. c3 c5 11. dxc5 Qxd1 12. Rxd1 Bxc5 13. Bf4 Bd6 14. Bxd6
Nxd6 15. Na3 Be6 16. Nb5 Nxb5 17. Bxb5 Rfd8 18. b3 Kf8 19. Kf1 a5 20. Rxd8+
Rxd8 21. Ke2 Rd5 22. Bd3 Ke7 23. Be4 Re5 24. Kd3 b6 25. f4 Rh5 26. h3 Bd5 27.
Re1 Kd6 28. c4 Bxe4+ 29. Rxe4 Rh6 30. a3 Rg6 31. g4 Rh6 32. Re3 Rf6 33. Re4 Rh6
34. Re3 Rf6 35. Re4 Rh6 36. Re3 Rf6 1/2-1/2

[Event "17. European Team Championship 2009"]
[Site "Novi Sad SRB"]
[Date "2009.10.26"]
[Round "5.142"]
[White "Johannessen, Leif Erlend"]
[Black "Drasko, Milan"]
[Result "1-0"]
[WhiteElo "2532"]
[BlackElo "2527"]
[PlyCount "81"]
[EventDate "2009.10.22"]
[EventType "team"]
[EventRounds "9"]
[EventCountry "SER"]
[Source "lmi"]
[SourceDate "2009.10.22"]

1. d4 e6 2. c4 Nf6 3. Nc3 Bb4 4. Nf3 c5 5. g3 Nc6 6. Bg2 Ne4 7. Bd2 Bxc3 8.
bxc3 O-O 9. O-O Na5 10. Bf4 d5 11. cxd5 Nxc3 12. Qd3 cxd4 13. Nxd4 Nxd5 14. Bd2
Nc6 15. Nxc6 bxc6 16. Rfc1 Rb8 17. e4 Nb4 18. Qe3 Ba6 19. a3 Nd3 20. Rxc6 Bb5
21. Rc2 Qd7 22. Bf1 Ne5 23. Bb4 Rfc8 24. Rd2 Qe8 25. Bd6 Bxf1 26. Bxe5 Rb5 27.
Bxg7 Kxg7 28. Rxf1 Qe7 29. Rfd1 Qc5 30. Qf3 Qh5 31. Qe3 Qe5 32. Rd4 Qg5 33. Qd3
Rc1 34. Rd7 Rxd1+ 35. Qxd1 Ra5 36. Rxa7 Rxa7 37. Qd4+ e5 38. Qxa7 Qc1+ 39. Kg2
Qc6 40. Qe3 h6 41. Qd3 1-0

[Event "17. European Team Championship 2009"]
[Site "Novi Sad SRB"]
[Date "2009.10.26"]
[Round "5.143"]
[White "Kosic, Dragan"]
[Black "Elsness, Frode"]
[Result "1-0"]
[WhiteElo "2495"]
[BlackElo "2458"]
[PlyCount "30"]
[EventDate "2009.10.22"]
[EventType "team"]
[EventRounds "9"]
[EventCountry "SER"]
[Source "lmi"]
[SourceDate "2009.10.22"]

1. d4 Nf6 2. Nf3 g6 3. Bg5 Bg7 4. Nbd2 O-O 5. c3 d6 6. e4 c5 7. dxc5 dxc5 8.
Bc4 Nc6 9. Qe2 Na5 10. Bd3 Qc7 11. O-O h6 12. Bh4 Nh5 13. Qe3 a6 14. e5 Rd8 15.
Bc4 Nc6 1-0

[Event "17. European Team Championship 2009"]
[Site "Novi Sad SRB"]
[Date "2009.10.26"]
[Round "5.144"]
[White "Thomassen, Joachim"]
[Black "Kalezic, Blazo"]
[Result "1/2-1/2"]
[WhiteElo "2332"]
[BlackElo "2459"]
[PlyCount "53"]
[EventDate "2009.10.22"]
[EventType "team"]
[EventRounds "9"]
[EventCountry "SER"]
[Source "lmi"]
[SourceDate "2009.10.22"]

1. d4 c5 2. d5 e5 3. e4 d6 4. Nc3 Be7 5. Nf3 Nf6 6. Bb5+ Nbd7 7. a4 O-O 8. O-O
Ne8 9. Qe2 Kh8 10. Ra3 g6 11. Bh6 Ng7 12. Nd2 Nf6 13. a5 a6 14. Bd3 Ng4 15.
Bxg7+ Kxg7 16. Nc4 Nf6 17. Nb6 Rb8 18. Rb1 Bg4 19. f3 Bd7 20. b4 cxb4 21. Rxb4
Be8 22. Rab3 h5 23. Qf2 Qc7 24. Rc4 Qd8 25. Rcb4 Qc7 26. Rc4 Qd8 27. Rcb4
1/2-1/2

[Event "17. European Team Championship 2009"]
[Site "Novi Sad SRB"]
[Date "2009.10.26"]
[Round "5.151"]
[White "Haznedaroglu, Kivanc"]
[Black "Nyback, Tomi"]
[Result "1-0"]
[WhiteElo "2499"]
[BlackElo "2615"]
[PlyCount "97"]
[EventDate "2009.10.22"]
[EventType "team"]
[EventRounds "9"]
[EventCountry "SER"]
[Source "lmi"]
[SourceDate "2009.10.22"]

1. e4 e5 2. Nf3 Nc6 3. Bb5 a6 4. Ba4 Nf6 5. O-O Be7 6. Re1 b5 7. Bb3 d6 8. d3
Na5 9. c3 Nxb3 10. axb3 O-O 11. b4 Bb7 12. Nbd2 Nd7 13. Nb3 Rb8 14. Na5 Ba8 15.
d4 f5 16. dxe5 fxe4 17. exd6 Bxd6 18. Bg5 Qe8 19. Nd4 Qg6 20. Qg4 Rf7 21. Nac6
Rbf8 22. Rxe4 Rxf2 23. Be7 Qxg4 24. Rxg4 R8f7 25. Bxd6 cxd6 26. h3 Rxb2 27.
Rxa6 Bb7 28. Ra7 Nf6 29. Rf4 Rd7 30. Rf5 Rb1+ 31. Kh2 Rc1 32. Nb8 Rf7 33. Rxb5
Be4 34. Rxf7 Kxf7 35. Rb6 Rxc3 36. Nb5 Re3 37. Nxd6+ Ke7 38. Nxe4 Rxe4 39. b5
Kd8 40. Na6 Re5 41. Rb8+ Ke7 42. b6 Rb5 43. b7 Kf7 44. Nc5 Rxc5 45. Rc8 Rb5 46.
b8=Q Rxb8 47. Rxb8 g5 48. Kg3 h5 49. h4 1-0

[Event "17. European Team Championship 2009"]
[Site "Novi Sad SRB"]
[Date "2009.10.26"]
[Round "5.152"]
[White "Karttunen, Mika"]
[Black "Esen, Baris"]
[Result "1/2-1/2"]
[WhiteElo "2426"]
[BlackElo "2494"]
[PlyCount "61"]
[EventDate "2009.10.22"]
[EventType "team"]
[EventRounds "9"]
[EventCountry "SER"]
[Source "lmi"]
[SourceDate "2009.10.22"]

1. d4 d5 2. c4 c6 3. cxd5 cxd5 4. Nc3 Nf6 5. Bf4 Nc6 6. e3 a6 7. Rc1 Bg4 8. f3
Bd7 9. g4 e6 10. Bd3 Bb4 11. Nge2 Qe7 12. a3 Bd6 13. g5 Nh5 14. Bxd6 Qxd6 15.
Kf2 e5 16. dxe5 Nxe5 17. Be4 Bc6 18. Bxd5 Rd8 19. e4 Qc5+ 20. Qd4 Qxd4+ 21.
Nxd4 Bxd5 22. Nxd5 Nd3+ 23. Ke3 Nxc1 24. Rxc1 h6 25. h4 hxg5 26. hxg5 g6 27.
Rc7 Rd7 28. Rc8+ Rd8 29. Rc7 Rd7 30. Rc8+ Rd8 31. Rc7 1/2-1/2

[Event "17. European Team Championship 2009"]
[Site "Novi Sad SRB"]
[Date "2009.10.26"]
[Round "5.153"]
[White "Erdogdu, Mert"]
[Black "Agopov, Mikael"]
[Result "1/2-1/2"]
[WhiteElo "2467"]
[BlackElo "2452"]
[PlyCount "90"]
[EventDate "2009.10.22"]
[EventType "team"]
[EventRounds "9"]
[EventCountry "SER"]
[Source "lmi"]
[SourceDate "2009.10.22"]

1. e4 c5 2. Nf3 Nc6 3. d4 cxd4 4. Nxd4 Nf6 5. Nc3 e5 6. Ndb5 d6 7. Bg5 a6 8.
Na3 b5 9. Nd5 Be7 10. Bxf6 Bxf6 11. c3 O-O 12. Nc2 Bg5 13. a4 bxa4 14. Rxa4 a5
15. Bc4 Rb8 16. b3 Kh8 17. h4 Bh6 18. Nce3 Bxe3 19. Nxe3 Ne7 20. h5 h6 21. O-O
f5 22. exf5 Nxf5 23. Nxf5 Rxf5 24. Bd5 Bd7 25. Ra2 Be8 26. Bf3 Qb6 27. Qd5 a4
28. Rxa4 Bxa4 29. bxa4 Rbf8 30. a5 Qa7 31. Ra1 e4 32. Qxe4 Rxa5 33. Rxa5 Qxa5
34. Qe7 Qd8 35. Qxd8 Rxd8 36. Bd5 Rf8 37. g4 Rf4 38. f3 Kh7 39. Kf2 g5 40.
hxg6+ Kxg6 41. Kg3 Kg5 42. Be4 Rf7 43. Bd5 Ra7 44. f4+ Kf6 45. c4 Ra3+ 1/2-1/2

[Event "17. European Team Championship 2009"]
[Site "Novi Sad SRB"]
[Date "2009.10.26"]
[Round "5.154"]
[White "Luukkonen, Tommi"]
[Black "Firat, Burak"]
[Result "0-1"]
[WhiteElo "2317"]
[BlackElo "2365"]
[PlyCount "94"]
[EventDate "2009.10.22"]
[EventType "team"]
[EventRounds "9"]
[EventCountry "SER"]
[Source "lmi"]
[SourceDate "2009.10.22"]

1. d4 d5 2. c4 c6 3. Nf3 Nf6 4. Nc3 dxc4 5. a4 Bf5 6. Ne5 Nbd7 7. Nxc4 Nb6 8.
Ne5 a5 9. g3 e6 10. Bg2 Bb4 11. O-O O-O 12. e3 h6 13. Qe2 Bh7 14. Rd1 Nfd7 15.
Nxd7 Nxd7 16. e4 Qe7 17. Be3 Nf6 18. f3 e5 19. dxe5 Qxe5 20. f4 Qe6 21. f5 Qe7
22. Bf4 Rfe8 23. g4 Bxc3 24. Bd6 Qd8 25. bxc3 Nd5 26. Qf3 Qxd6 27. exd5 Qc5+
28. Qf2 Qxc3 29. Rac1 Qb4 30. Rd4 Qa3 31. Rcd1 cxd5 32. Bxd5 Rac8 33. f6 Bg6
34. fxg7 Rc2 35. R4d2 Rxd2 36. Rxd2 Qxa4 37. Qf3 Kxg7 38. Bxb7 Re6 39. Rf2 Qa1+
40. Kg2 Rf6 41. Qd5 Rxf2+ 42. Kxf2 a4 43. Qd2 a3 44. Bd5 Qb2 45. Ke3 Qe5+ 46.
Kf3 Qb2 47. Ke3 Bb1 0-1

[Event "17. European Team Championship 2009"]
[Site "Novi Sad SRB"]
[Date "2009.10.26"]
[Round "5.161"]
[White "Kozul, Zdenko"]
[Black "Georgiev, Vladimir"]
[Result "0-1"]
[WhiteElo "2588"]
[BlackElo "2537"]
[PlyCount "106"]
[EventDate "2009.10.22"]
[EventType "team"]
[EventRounds "9"]
[EventCountry "SER"]
[Source "lmi"]
[SourceDate "2009.10.22"]

1. d4 d5 2. c4 c6 3. Nc3 Nf6 4. e3 e6 5. Nf3 a6 6. Bd3 dxc4 7. Bxc4 b5 8. Bd3
c5 9. a4 b4 10. Ne4 Nbd7 11. a5 Bb7 12. Ned2 cxd4 13. exd4 Bd6 14. Nc4 Qc7 15.
Qe2 Bxf3 16. Qxf3 O-O 17. g3 e5 18. dxe5 Bxe5 19. O-O Nc5 20. Nb6 Rad8 21. Bc4
Ne6 22. Bxe6 fxe6 23. Qb3 Qf7 24. Qxb4 Qh5 25. Qh4 Qf5 26. Ra4 h6 27. Kg2 Rd3
28. f3 Bxb2 29. Bxb2 Rd2+ 30. Kg1 Rxb2 31. Qd4 Rc2 32. g4 Qb5 33. Rc4 Ra2 34.
Qe3 Kh8 35. Rf4 e5 36. Rf5 Qb2 37. Rf2 Qxf2+ 38. Qxf2 Rxf2 39. Kxf2 g6 40. Rxf6
Rxf6 41. Nd7 Rd6 42. Nxe5 Kg7 43. Ke3 Rd1 44. Nc6 Rd5 45. f4 Rc5 46. Nd4 Rxa5
47. h4 Ra1 48. g5 Rh1 49. f5 Rh3+ 50. Ke2 Rxh4 51. Ne6+ Kg8 52. gxh6 gxf5 53.
Ng7 f4 0-1